[Event "Gibtelecom Masters"]
[Site "Gibraltar"]
[Date "2008.01.23"]
[Round "2.33"]
[White "Tofte, Sondre Waage"]
[Black "Paehtz, Elisabeth"]
[Result "0-1"]
[WhiteElo "2108"]
[BlackElo "2420"]
[PlyCount "78"]
[EventDate "2008.01.22"]

1. e4 c5 2. Nf3 d6 3. d4 cxd4 4. Nxd4 Nf6 5. Nc3 a6 6. Be3 e5 7. Nb3 Be6 8. f3
Nbd7 9. Qd2 Be7 10. O-O-O O-O 11. g4 b5 12. g5 Nh5 13. Kb1 Nb6 14. Nd5 Bxd5 15.
exd5 f5 16. Na5 f4 17. Bf2 Bxg5 18. Nc6 Qc7 19. Rg1 Bd8 20. Bh3 Nc4 21. Qb4 Kh8
22. b3 Ne3 23. Rd3 Re8 24. Bxe3 fxe3 25. Rxe3 Bf6 26. Rge1 Rf8 27. Rc3 Nf4 28.
Nxe5 Qd8 29. Qxf4 Bxe5 30. Qd2 Bxc3 31. Qxc3 Qf6 32. Qxf6 Rxf6 33. Bg4 g6 34.
Re3 h5 35. Bd7 Raf8 36. Re6 Kg7 37. b4 Rxf3 38. Rxd6 Rd8 39. Bg4 Rf1+ 0-1

[Event "Gibtelecom Masters"]
[Site "Gibraltar"]
[Date "2008.01.23"]
[Round "2.34"]
[White "Dzagnidze, Nana"]
[Black "Almond, Richard J"]
[Result "1-0"]
[WhiteElo "2429"]
[BlackElo "2107"]
[PlyCount "81"]
[EventDate "2008.01.22"]

1. d4 d5 2. c4 e6 3. Nc3 Nf6 4. cxd5 exd5 5. Bg5 Be7 6. e3 O-O 7. Bd3 Nbd7 8.
Nge2 c6 9. O-O Re8 10. Qc2 Nf8 11. Rad1 Nh5 12. Bxe7 Qxe7 13. a3 g6 14. Rfe1
Ng7 15. Ng3 Be6 16. f3 Rad8 17. Qf2 Qf6 18. b4 h5 19. Nge2 a6 20. Na4 Bc8 21.
Nc5 Nfe6 22. Bb1 Nf5 23. e4 Nfg7 24. e5 Qe7 25. f4 Nf8 26. Ng3 h4 27. Nf1 Bf5
28. Ne3 Bxb1 29. Rxb1 Nfe6 30. Ng4 Nh5 31. f5 Nxc5 32. bxc5 Qg5 33. Qf3 gxf5
34. Qxf5 Qxf5 35. Nh6+ Kf8 36. Nxf5 Rd7 37. Nxh4 Nf4 38. Rb3 Ne6 39. Nf5 Ng5
40. Reb1 Rb8 41. Rb6 1-0

[Event "Gibtelecom Masters"]
[Site "Gibraltar"]
[Date "2008.01.23"]
[Round "2.35"]
[White "Bradford, Joseph M"]
[Black "Waters, Michael"]
[Result "1-0"]
[WhiteElo "2419"]
[BlackElo "2102"]
[PlyCount "63"]
[EventDate "2008.01.22"]

1. Nf3 Nf6 2. c4 e6 3. g3 b6 4. Bg2 Bb7 5. O-O c5 6. Nc3 Be7 7. Re1 O-O 8. e4
d6 9. d4 Nbd7 10. e5 Ng4 11. h3 cxd4 12. exd6 Bf6 13. Ne4 Bxe4 14. Rxe4 Nge5
15. Nxe5 Bxe5 16. Bf4 Bxf4 17. gxf4 Rc8 18. Qxd4 Rc5 19. b4 Rf5 20. Rc1 Qc8 21.
Re3 a5 22. a3 axb4 23. axb4 Rd8 24. Ra1 Nf8 25. Qxb6 Qd7 26. c5 Ng6 27. Bc6 Qc8
28. Rea3 Nxf4 29. Ra8 Nxh3+ 30. Kf1 Rxf2+ 31. Ke1 Nf4 32. Qxd8+ 1-0

[Event "Gibtelecom Masters"]
[Site "Gibraltar"]
[Date "2008.01.23"]
[Round "2.37"]
[White "Horton-Kitchlew, Andrew"]
[Black "Van Haastert, Edwin"]
[Result "0-1"]
[WhiteElo "2091"]
[BlackElo "2416"]
[PlyCount "230"]
[EventDate "2008.01.22"]

1. d4 Nf6 2. Nf3 c5 3. e3 g6 4. a3 b6 5. c4 Bg7 6. Nc3 O-O 7. Be2 e6 8. O-O Bb7
9. dxc5 bxc5 10. Qd6 Qc8 11. Rd1 Rd8 12. Nb5 a6 13. Nc3 Ne8 14. Qf4 d6 15. Ng5
Qc7 16. h4 h6 17. Nf3 Nc6 18. Rb1 Qe7 19. Qg3 Nf6 20. Bd3 d5 21. Bd2 Rd7 22.
cxd5 exd5 23. Na4 Ne4 24. Qh3 Rdd8 25. Bc3 Bc8 26. Qh2 Nxc3 27. bxc3 Ne5 28.
Nb6 Nxf3+ 29. gxf3 Ra7 30. Nxc8 Rxc8 31. c4 d4 32. e4 h5 33. Rb6 Bf6 34. Kf1
Bxh4 35. Ke2 Qc7 36. Qh3 Qxb6 37. Qxc8+ Kg7 38. Rb1 Qc7 39. Qxc7 Rxc7 40. Rb6
Bg5 41. Kf1 Bf4 42. Kg2 Re7 43. a4 Re6 44. Rb7 Re5 45. Kg1 Rg5+ 46. Kh1 Re5 47.
Rc7 h4 48. Rc6 h3 49. Rxa6 h2 50. Rb6 Re8 51. a5 Kf8 52. a6 Ra8 53. Rf6 g5 54.
Rb6 Ra7 55. Kg2 Ke7 56. Bc2 Kd8 57. Rf6 Be5 58. Rc6 Rc7 59. Rb6 Kc8 60. Bd3 f6
61. Kh1 Ra7 62. Bf1 Kc7 63. Re6 Bd6 64. Rxf6 Rxa6 65. e5 Ra1 66. exd6+ Kd7 67.
Rf5 Rxf1+ 68. Kxh2 Kxd6 69. Rf6+ Kc7 70. Rf5 Kb6 71. Rxg5 Rxf2+ 72. Kg3 Rc2 73.
f4 Rxc4 74. f5 d3 75. f6 d2 76. Rd5 Rd4 77. Rxd4 cxd4 78. f7 d1=Q 79. f8=Q Qg1+
80. Kh3 Qe3+ 81. Kg2 Kb5 82. Kf1 Kc4 83. Qf7+ Kc3 84. Qc7+ Kd2 85. Qa5+ Qc3 86.
Qa2+ Kc1 87. Qe2 d3 88. Qe3+ Qd2 89. Qc5+ Kd1 90. Qb5 Qf4+ 91. Kg2 Qe4+ 92. Kf1
Qf3+ 93. Kg1 Ke2 94. Qc4 Qe3+ 95. Kg2 Ke1 96. Qh4+ Ke2 97. Qg4+ Kd2 98. Qb4+
Kc1 99. Qc3+ Kd1 100. Qb3+ Ke1 101. Qb1+ Ke2 102. Qf1+ Kd2 103. Qf6 Qe4+ 104.
Kf2 Kc2 105. Qf7 Qd4+ 106. Kf1 d2 107. Qa2+ Qb2 108. Qc4+ Qc3 109. Qa4+ Qb3
110. Qc6+ Kb2 111. Qf6+ Qc3 112. Qf2 Kc2 113. Kg1 Qg7+ 114. Kf1 Qe5 115. Kg2
Kc1 0-1

[Event "Gibtelecom Masters"]
[Site "Gibraltar"]
[Date "2008.01.23"]
[Round "2.38"]
[White "Havik, Victor"]
[Black "Foisor, Ovidiu Doru"]
[Result "0-1"]
[WhiteElo "2072"]
[BlackElo "2401"]
[PlyCount "56"]
[EventDate "2008.01.22"]

1. d4 g6 2. c4 Bg7 3. e4 c5 4. d5 d6 5. Nc3 e6 6. Bd3 Ne7 7. Nge2 exd5 8. cxd5
a6 9. a4 Nd7 10. O-O O-O 11. Ra2 Rb8 12. a5 Ne5 13. Bb1 f5 14. f3 h6 15. exf5
Nxf5 16. Bxf5 Bxf5 17. Ng3 Bd3 18. Re1 c4 19. Bd2 Qh4 20. Nce4 g5 21. Bc3 g4
22. fxg4 Nxg4 23. h3 Nf2 24. Qh5 Qxh5 25. Nxh5 Nxe4 26. Bxg7 Rf5 27. Rxe4 Bxe4
28. Ng3 Kxg7 0-1

[Event "Gibtelecom Masters"]
[Site "Gibraltar"]
[Date "2008.01.23"]
[Round "2.39"]
[White "Houska, Jovanka"]
[Black "Lilleoren, Morten"]
[Result "1-0"]
[WhiteElo "2393"]
[BlackElo "2065"]
[PlyCount "77"]
[EventDate "2008.01.22"]

1. d4 Nf6 2. Nf3 g6 3. c4 c5 4. g3 Bg7 5. Bg2 O-O 6. O-O cxd4 7. Nxd4 Nc6 8.
Nc3 Nxd4 9. Qxd4 d6 10. Qd3 a6 11. h3 Rb8 12. Be3 Bf5 13. Qd2 Qc8 14. g4 Be6
15. Nd5 Bxd5 16. cxd5 Qd7 17. Qb4 Rfc8 18. Rac1 Rxc1 19. Rxc1 Rc8 20. Rc4 Ne8
21. b3 Rxc4 22. bxc4 Qc7 23. Bb6 Qd7 24. c5 dxc5 25. Bxc5 Nd6 26. e4 Be5 27.
Be3 Qc7 28. Bf1 Qc2 29. Qb6 Nxe4 30. Qd8+ Kg7 31. Qxe7 Bf6 32. Qxb7 Qxa2 33.
Bxa6 Bh4 34. Bd4+ Kh6 35. Qxf7 Bxf2+ 36. Bxf2 Nxf2 37. Bf1 Nd1 38. Qf4+ Kg7 39.
Qd4+ 1-0

[Event "Gibtelecom Masters"]
[Site "Gibraltar"]
[Date "2008.01.23"]
[Round "2.40"]
[White "Norinkeviciute, Rasa"]
[Black "Rendle, Thomas E"]
[Result "0-1"]
[WhiteElo "2064"]
[BlackElo "2393"]
[PlyCount "80"]
[EventDate "2008.01.22"]

1. c4 f5 2. g3 Nf6 3. Bg2 g6 4. Nc3 d6 5. e4 Nc6 6. d3 Bg7 7. Nge2 O-O 8. O-O
e5 9. Rb1 Be6 10. Nd5 Qd7 11. b4 Nd8 12. f4 c6 13. Ne3 Nf7 14. Bb2 fxe4 15.
dxe4 Ng4 16. Nxg4 Bxg4 17. Qc2 Rae8 18. Rbd1 Qe7 19. h3 Bxe2 20. Qxe2 exf4 21.
gxf4 Nd8 22. Bc1 Ne6 23. Be3 Bh6 24. Qg4 Rf6 25. Bc1 Ref8 26. e5 dxe5 27. fxe5
Rxf1+ 28. Bxf1 Bxc1 29. Rxc1 Rf4 30. Qg3 Qxb4 31. Rd1 Qc5+ 32. Kh1 Qxe5 33. Qa3
Rf2 34. Bg2 Rxg2 35. Kxg2 Qe2+ 36. Kg3 Qxd1 37. Qxa7 Qd7 38. a4 Nd4 39. Qb8+
Kf7 40. a5 Qd6+ 0-1

[Event "Gibtelecom Masters"]
[Site "Gibraltar"]
[Date "2008.01.23"]
[Round "2.41"]
[White "Reppen, Sigmund"]
[Black "Wang Yu A"]
[Result "0-1"]
[WhiteElo "2061"]
[BlackElo "2391"]
[PlyCount "62"]
[EventDate "2008.01.22"]

1. e4 e5 2. Nf3 Nc6 3. d4 exd4 4. Nxd4 Nf6 5. Nxc6 bxc6 6. e5 Qe7 7. Qe2 Nd5 8.
c4 Ba6 9. g3 O-O-O 10. Qe4 Nf6 11. Qe2 Re8 12. f4 h5 13. b3 Ng4 14. Bh3 Qe6 15.
Bxg4 Qxg4 16. Qf2 h4 17. Rg1 hxg3 18. hxg3 f6 19. Qxa7 Bb7 20. Qe3 fxe5 21.
fxe5 Bd6 22. Bb2 Bxe5 23. Bxe5 Rh5 24. Qf4 Rexe5+ 25. Kd2 Qe2+ 26. Kc1 Rhf5 27.
Qd4 Rf2 28. Nd2 c5 29. Qc3 Re3 30. Qa5 Rd3 31. Rd1 Qe5 0-1

[Event "Gibtelecom Masters"]
[Site "Gibraltar"]
[Date "2008.01.23"]
[Round "2.42"]
[White "Aloma Vidal, Robert"]
[Black "Lovik, Lasse Ostebo"]
[Result "1-0"]
[WhiteElo "2393"]
[BlackElo "2052"]
[PlyCount "65"]
[EventDate "2008.01.22"]

1. d4 d5 2. Nf3 Nf6 3. c4 c6 4. Nc3 e6 5. Bg5 h6 6. Bh4 dxc4 7. e4 g5 8. Bg3 b5
9. Be2 Bb7 10. h4 g4 11. Ne5 h5 12. f3 Bh6 13. a4 a6 14. fxg4 hxg4 15. Nxg4
Nxg4 16. Bxg4 Be3 17. Qf3 Bxd4 18. Rf1 Qd7 19. Rd1 c5 20. axb5 f5 21. Bh5+ Kd8
22. b6 Nc6 23. Bc7+ Kc8 24. g4 Qg7 25. exf5 Ne5 26. Qe2 exf5 27. Rxd4 Nd3+ 28.
Rxd3 cxd3 29. Qe6+ Qd7 30. Qxf5 Bc6 31. Kd2 c4 32. Qe5 Rh6 33. Ne4 1-0

[Event "Gibtelecom Masters"]
[Site "Gibraltar"]
[Date "2008.01.23"]
[Round "2.43"]
[White "Foisor, Sabina-Francesca"]
[Black "Hagen, Anders Gjerdum"]
[Result "1-0"]
[WhiteElo "2386"]
[BlackElo "2049"]
[PlyCount "51"]
[EventDate "2008.01.22"]

1. d4 Nf6 2. c4 e6 3. Nc3 Bb4 4. a3 Bxc3+ 5. bxc3 c5 6. f3 d6 7. e4 e5 8. d5
O-O 9. Bg5 Nbd7 10. Bd3 h6 11. Bh4 Re8 12. Ne2 Nf8 13. g4 Ng6 14. Bg3 Bd7 15.
Qd2 Rb8 16. a4 Kh7 17. h4 Rg8 18. h5 Nf8 19. Bh4 Qe8 20. Ng3 Rh8 21. Rg1 Kg8
22. Bxf6 gxf6 23. Nf5 Bxf5 24. gxf5+ Kh7 25. Qg2 Ng6 26. fxg6+ 1-0

[Event "Gibtelecom Masters"]
[Site "Gibraltar"]
[Date "2008.01.23"]
[Round "2.45"]
[White "Haugstad, Espen"]
[Black "Caspi, Israel"]
[Result "0-1"]
[WhiteElo "2042"]
[BlackElo "2378"]
[PlyCount "98"]
[EventDate "2008.01.22"]

1. e4 c5 2. Nf3 d6 3. d4 cxd4 4. Nxd4 e6 5. Nc3 a6 6. Bc4 Nf6 7. Bb3 Nbd7 8.
Qe2 Nc5 9. f3 Be7 10. g4 d5 11. exd5 Nxb3 12. axb3 Nxd5 13. Nxd5 Qxd5 14. Qc4
Qe5+ 15. Ne2 Bh4+ 16. Kf1 Bd7 17. Qf4 Qc5 18. Qe3 Qxc2 19. Nd4 Qc5 20. Bd2 Bf6
21. Bc3 Rd8 22. Kf2 Qg5 23. Qe4 O-O 24. Rad1 Bc8 25. h4 Qe5 26. Qxe5 Bxe5 27.
Nxe6 Bxe6 28. Bxe5 Bxb3 29. Rxd8 Rxd8 30. Bf4 Ba4 31. Be3 Bc6 32. Rc1 f6 33.
Rc2 Rd1 34. Rc1 Rd3 35. Rc3 Rxc3 36. bxc3 a5 37. f4 a4 38. Bc1 Kf7 39. Ke3 Bd7
40. g5 Kg6 41. Ba3 Kh5 42. Bf8 Kxh4 43. gxf6 gxf6 44. Be7 Kg4 45. Bxf6 h5 46.
Be5 h4 47. Kf2 b5 48. Bd6 Bf5 49. Kg2 h3+ 0-1

[Event "Gibtelecom Masters"]
[Site "Gibraltar"]
[Date "2008.01.23"]
[Round "2.46"]
[White "Goldsztejn, Gildas"]
[Black "Foisor, Mihaela-Veronica"]
[Result "1-0"]
[WhiteElo "2380"]
[BlackElo "2043"]
[PlyCount "77"]
[EventDate "2008.01.22"]

1. d4 e6 2. c4 f5 3. Nc3 Nf6 4. Nf3 d5 5. Bf4 c6 6. e3 Bd6 7. Bd3 O-O 8. Qc2
Ne4 9. O-O b6 10. a3 Bb7 11. b4 c5 12. bxc5 bxc5 13. Rab1 Bc6 14. Bxd6 Qxd6 15.
Ne5 cxd4 16. exd4 Nd7 17. Nxc6 Qxc6 18. cxd5 exd5 19. Rfc1 Rfc8 20. Nxd5 Qd6
21. Nc7 Rab8 22. Rxb8 Rxb8 23. Qc4+ Kh8 24. Nb5 Qe7 25. Qd5 Qg5 26. Rd1 Ndf6
27. Qc4 Qf4 28. Bxe4 Nxe4 29. Qe2 Qxf2+ 30. Qxf2 Nxf2 31. Kxf2 Rxb5 32. d5 Rb7
33. Ke3 g6 34. d6 Rd7 35. Kf4 Kg7 36. Ke5 Kf7 37. Rc1 Ke8 38. Ke6 Kd8 39. Rb1
1-0

[Event "Gibtelecom Masters"]
[Site "Gibraltar"]
[Date "2008.01.23"]
[Round "2.47"]
[White "Amigues, Emmanuel"]
[Black "Mortensen, Henrik"]
[Result "1-0"]
[WhiteElo "2378"]
[BlackElo "2034"]
[PlyCount "65"]
[EventDate "2008.01.22"]

1. d4 Nc6 2. Nf3 d6 3. c4 g6 4. d5 Ne5 5. Nxe5 dxe5 6. e4 Bg7 7. Nc3 e6 8. Be3
Ne7 9. Qa4+ Bd7 10. Qa3 exd5 11. cxd5 O-O 12. Bc5 Re8 13. Bc4 Bf8 14. Qb3 Nf5
15. d6 Nd4 16. Bxd4 exd4 17. Bxf7+ Kg7 18. Bxe8 Qxe8 19. O-O dxc3 20. Qxc3+ Kg8
21. dxc7 Qxe4 22. Rfe1 Qf5 23. Rad1 Bc6 24. Rd8 Rc8 25. Qc4+ Kg7 26. Qd4+ Kg8
27. Qc4+ Kg7 28. Qd4+ Kg8 29. Rxc8 Qxc8 30. Qf4 Qd7 31. h3 b5 32. Rc1 Bb7 33.
Qg4 1-0

[Event "Gibtelecom Masters"]
[Site "Gibraltar"]
[Date "2008.01.23"]
[Round "2.48"]
[White "Jameson, David"]
[Black "Welling, Gerard"]
[Result "0-1"]
[WhiteElo "2033"]
[BlackElo "2371"]
[PlyCount "118"]
[EventDate "2008.01.22"]

1. e4 b6 2. d4 Bb7 3. Bd3 e6 4. Nf3 c5 5. c3 Nf6 6. Qe2 Be7 7. O-O Nc6 8. a3
Na5 9. Nbd2 c4 10. Nxc4 Nxc4 11. Bxc4 Bxe4 12. Bg5 Bb7 13. Ne5 a6 14. f4 Ne4
15. Bxe7 Qxe7 16. f5 Nd6 17. fxe6 dxe6 18. Bd3 O-O 19. Rae1 h6 20. Rf4 b5 21.
Bc2 Rfe8 22. Qh5 Qg5 23. Qxg5 hxg5 24. Rg4 f6 25. Nd7 Nc4 26. Bg6 Re7 27. Nc5
Bd5 28. b3 Nd6 29. Rg3 Nb7 30. c4 bxc4 31. bxc4 Bxc4 32. Be4 Nxc5 33. Bxa8 Nd3
34. Bd5 Nxe1 35. Bxc4 Nc2 36. Rd3 Kf7 37. a4 Nb4 38. Re3 a5 39. g4 g6 40. Kf2
Nc2 41. Re4 Nb4 42. Ke2 f5 43. gxf5 gxf5 44. Re5 Nd5 45. Kf3 Rd7 46. Kg3 Kf6
47. Kf3 Nf4 48. Rxa5 Rxd4 49. Rc5 Nd3 50. Bxd3 Rxd3+ 51. Kf2 Ra3 52. Ra5 f4 53.
Ra8 Kf5 54. Rf8+ Ke4 55. Rg8 Kf5 56. Rf8+ Kg4 57. Re8 Ra2+ 58. Ke1 Rxh2 59.
Rxe6 Ra2 0-1

[Event "Gibtelecom Masters"]
[Site "Gibraltar"]
[Date "2008.01.23"]
[Round "2.49"]
[White "Quillan, Gary"]
[Black "Svendsen, Peter"]
[Result "1-0"]
[WhiteElo "2362"]
[BlackElo "2011"]
[PlyCount "55"]
[EventDate "2008.01.22"]

1. e4 e5 2. Nf3 Nf6 3. Nxe5 d6 4. Nf3 Nxe4 5. Nc3 Nxc3 6. dxc3 Be7 7. Be3 O-O
8. Qd2 Nd7 9. O-O-O Re8 10. Kb1 Nf8 11. Bd3 Be6 12. Nd4 Bf6 13. Nxe6 Nxe6 14.
g4 Qe7 15. h4 Nc5 16. g5 Be5 17. h5 Nxd3 18. Qxd3 Rad8 19. Rhe1 g6 20. Rh1 d5
21. Rh4 c5 22. hxg6 hxg6 23. Rdh1 d4 24. cxd4 cxd4 25. Bf4 Bg7 26. Rh7 Qe2 27.
Qh3 d3 28. Rh8+ 1-0

[Event "Gibtelecom Masters"]
[Site "Gibraltar"]
[Date "2008.01.23"]
[Round "2.50"]
[White "Jakobsen, Ole"]
[Black "Hickman, John E"]
[Result "1-0"]
[WhiteElo "2372"]
[BlackElo "2009"]
[PlyCount "81"]
[EventDate "2008.01.22"]

1. d4 d6 2. e4 Nf6 3. Nc3 g6 4. Be3 Bg7 5. f3 c6 6. Qd2 O-O 7. Nge2 b5 8. Ng3
Nbd7 9. Be2 Qa5 10. O-O b4 11. Nd1 c5 12. Nf2 Ba6 13. a3 Bxe2 14. Nxe2 Rfb8 15.
Nd3 Qb5 16. axb4 c4 17. Nc3 Qb7 18. Nf4 Qxb4 19. Ra4 Qb7 20. Rxc4 Nb6 21. Rb4
Qc8 22. b3 Rb7 23. Na4 Nxa4 24. Rxa4 e5 25. dxe5 dxe5 26. Nd3 Nd7 27. Rfa1 Qc7
28. Qf2 a5 29. Rc4 Qb8 30. Nc5 Nxc5 31. Bxc5 Bf8 32. Bxf8 Qxf8 33. Qc5 Qh6 34.
Qxe5 Qe3+ 35. Kf1 Rd7 36. Qc3 Qh6 37. Rc8+ Rd8 38. Rxa8 Rxa8 39. h3 Rd8 40.
Qxa5 Rd2 41. Qc3 1-0

[Event "Gibtelecom Masters"]
[Site "Gibraltar"]
[Date "2008.01.23"]
[Round "2.52"]
[White "Wintzer, Joachim"]
[Black "Webster, Richard J"]
[Result "1-0"]
[WhiteElo "2349"]
[BlackElo "1989"]
[PlyCount "87"]
[EventDate "2008.01.22"]

1. c4 e5 2. g3 Nc6 3. Bg2 g6 4. Nc3 Bg7 5. e4 d6 6. Nge2 Nge7 7. O-O O-O 8. d3
Be6 9. Nd5 Qd7 10. Bg5 f6 11. Be3 Nd8 12. Qd2 c6 13. Nxe7+ Qxe7 14. Rac1 c5 15.
f4 f5 16. fxe5 dxe5 17. Nc3 Rc8 18. Nd5 Bxd5 19. cxd5 b6 20. Bh3 Bf6 21. exf5
g5 22. b4 Nb7 23. bxc5 Nxc5 24. Bg2 g4 25. Rc4 h5 26. Rfc1 Rc7 27. h3 gxh3 28.
Bxh3 Kf7 29. Kh2 Rd8 30. Bg2 Rh8 31. Re1 Qd6 32. d4 exd4 33. Bf4 Qd7 34. d6
Rcc8 35. Bd5+ Kg7 36. Be6 Qb5 37. Rxd4 Nd7 38. Rb4 Qc6 39. Bxd7 Qxd7 40. Rbe4
Qxf5 41. d7 Rcd8 42. Re6 Kf7 43. Rxf6+ Kxf6 44. Qd6+ 1-0

[Event "Gibtelecom Masters"]
[Site "Gibraltar"]
[Date "2008.01.23"]
[Round "2.53"]
[White "Georgieva, Emilia"]
[Black "Karim, Ismael"]
[Result "0-1"]
[WhiteElo "1985"]
[BlackElo "2347"]
[PlyCount "72"]
[EventDate "2008.01.22"]

1. d4 d5 2. Nf3 Nf6 3. Bg5 Ne4 4. Bf4 c5 5. c3 Qb6 6. Qb3 c4 7. Qxb6 axb6 8.
Nbd2 Nxd2 9. Kxd2 b5 10. e3 e6 11. Be2 b4 12. Bxb8 Rxb8 13. b3 b5 14. bxc4 bxc4
15. Rhb1 f6 16. Ne1 Bd7 17. Nc2 bxc3+ 18. Kxc3 Ra8 19. a3 Bd6 20. Bf3 f5 21.
Rb7 Rg8 22. h3 Bc6 23. Rb6 Kd7 24. Nb4 Ba4 25. Na6 Rgc8 26. Rb7+ Kc6 27. Rxg7
Rxa6 28. Rxh7 Rb6 29. Bh5 Rb3+ 30. Kd2 Rb2+ 31. Ke1 f4 32. Bf7 fxe3 33. Bxe6
exf2+ 34. Kf1 Rc7 35. Rh5 c3 36. Bxd5+ Kb6 0-1

[Event "Gibtelecom Masters"]
[Site "Gibraltar"]
[Date "2008.01.23"]
[Round "2.54"]
[White "Petrovic, Marko"]
[Black "Ly, Moulthun"]
[Result "0-1"]
[WhiteElo "1983"]
[BlackElo "2319"]
[PlyCount "130"]
[EventDate "2008.01.22"]

1. d4 Nf6 2. c4 g6 3. Nc3 Bg7 4. e4 d6 5. f4 O-O 6. Nf3 c5 7. d5 b5 8. cxb5 a6
9. bxa6 Qa5 10. Bd2 Bxa6 11. Bxa6 Qxa6 12. Qe2 Nbd7 13. Qxa6 Rxa6 14. Rb1 Rb8
15. O-O Nh5 16. g3 Bd4+ 17. Kh1 Nhf6 18. Rfe1 Nb6 19. Re2 Bxc3 20. Bxc3 Rxa2
21. Bxf6 exf6 22. e5 fxe5 23. fxe5 dxe5 24. Rxe5 Nc4 25. Re4 Nd6 26. Re2 Rb3
27. Ne5 Kg7 28. Rc1 Rbxb2 29. Rxb2 Rxb2 30. Rxc5 Rd2 31. Nf3 Rd1+ 32. Kg2 Ne4
33. Rc4 Nf6 34. Rd4 Rxd4 35. Nxd4 Nxd5 36. Kf3 Kf6 37. Ke4 Nb6 38. g4 Kg5 39.
Kf3 Nd7 40. Kg3 Nc5 41. Nf3+ Kf6 42. g5+ Kf5 43. h4 Ne4+ 44. Kh3 Kf4 45. Nh2
Nf2+ 46. Kg2 Ng4 47. Nf3 Ne5 48. Nxe5 Kxe5 49. Kg3 Kd4 50. Kf4 Kd3 51. Kf3 Kd4
52. Kf4 Kd5 53. Kf3 Ke5 54. Kg3 Ke6 55. Kf4 Kd5 56. Kf3 Ke5 57. Kg3 f5 58. gxf6
Kxf6 59. Kg4 h6 60. Kf4 Kf7 61. Ke3 Ke7 62. Kd3 Kf6 63. Ke3 Kf5 64. Kf3 h5 65.
Kg3 Ke4 0-1

[Event "Gibtelecom Masters"]
[Site "Gibraltar"]
[Date "2008.01.23"]
[Round "2.55"]
[White "Ramaswamy, Aarthie"]
[Black "Skage, Oystein Aagedal"]
[Result "1-0"]
[WhiteElo "2322"]
[BlackElo "1919"]
[PlyCount "41"]
[EventDate "2008.01.22"]

1. e4 c5 2. Nf3 d6 3. d4 cxd4 4. Nxd4 Nf6 5. Nc3 a6 6. a4 Nc6 7. Be2 e5 8. Nb3
Be6 9. Bg5 Be7 10. O-O O-O 11. Bxf6 Bxf6 12. Nd5 Bg5 13. a5 Ne7 14. Nb6 Rb8 15.
Bc4 Qc7 16. Bxe6 fxe6 17. Qg4 Bh6 18. Qxe6+ Rf7 19. c3 Qc6 20. Ra4 Kf8 21. Rc4
1-0

[Event "Gibtelecom Masters"]
[Site "Gibraltar"]
[Date "2008.01.23"]
[Round "2.56"]
[White "Jaksland, Tim"]
[Black "Jorgensen, Line Jin"]
[Result "1-0"]
[WhiteElo "2294"]
[BlackElo "1867"]
[PlyCount "149"]
[EventDate "2008.01.22"]

1. e4 e6 2. d4 d5 3. exd5 exd5 4. Nf3 Nf6 5. Bd3 Bd6 6. O-O O-O 7. c4 c6 8. Nc3
Bg4 9. h3 Bh5 10. Re1 dxc4 11. Bxc4 Qc7 12. g4 Bg6 13. Ne5 Nfd7 14. f4 Nxe5 15.
dxe5 Bc5+ 16. Kg2 h6 17. f5 Bh7 18. Qf3 Kh8 19. Bf4 b5 20. Bb3 Qb6 21. Rad1 a5
22. a4 Ra7 23. Re2 b4 24. Ne4 Bd4 25. Rxd4 Qxd4 26. Rd2 Qb6 27. Be3 Qc7 28. Bc5
Nd7 29. Rxd7 Qxd7 30. Bxf8 Qd4 31. Bc5 Qxb2+ 32. Qf2 Qxf2+ 33. Kxf2 Rd7 34. Nd6
Bg8 35. Ke3 Re7 36. Kf4 Rxe5 37. Kxe5 f6+ 38. Kd4 Bxb3 39. Bb6 Bxa4 40. Bxa5 h5
41. gxh5 Bd1 42. h6 b3 43. hxg7+ Kxg7 44. Bc3 Kh6 45. Ke4 Kh5 46. Bxf6 b2 47.
Bxb2 Kh4 48. f6 Bb3 49. Ke5 Kxh3 50. f7 Bxf7 51. Nxf7 c5 52. Nd6 c4 53. Kf4 c3
54. Bxc3 Kg2 55. Ne4 Kh2 56. Kf3 Kg1 57. Nf2 Kh2 58. Be5+ Kg1 59. Bd6 Kf1 60.
Bh2 Ke1 61. Ne4 Kf1 62. Nd2+ Ke1 63. Ke3 Kd1 64. Kd3 Ke1 65. Bg3+ Kd1 66. Bf2
Kc1 67. Nc4 Kd1 68. Nb2+ Kc1 69. Kc3 Kb1 70. Kb3 Ka1 71. Be3 Kb1 72. Bf4 Ka1
73. Nc4 Kb1 74. Na3+ Ka1 75. Be5# 1-0

[Event "Gibtelecom Masters"]
[Site "Gibraltar"]
[Date "2008.01.23"]
[Round "2.57"]
[White "Rasch, Holger"]
[Black "Aagedal, Geir Ole"]
[Result "1-0"]
[WhiteElo "2263"]
[BlackElo "1839"]
[PlyCount "74"]
[EventDate "2008.01.22"]

1. e4 c5 2. c3 g6 3. d4 cxd4 4. cxd4 d6 5. Nc3 Bg7 6. Be3 Nf6 7. f3 O-O 8. Bd3
Nc6 9. Nge2 Bd7 10. O-O a6 11. Qd2 Re8 12. Rac1 Rc8 13. g4 b5 14. b3 Qa5 15. h3
h5 16. Kg2 Kh7 17. Bb1 e6 18. Ng3 e5 19. dxe5 Nxe5 20. f4 hxg4 21. fxe5 gxh3+
22. Kh1 dxe5 23. Nd5 Qxd2 24. Nxf6+ Bxf6 25. Bxd2 Kg7 26. Rxc8 Rxc8 27. Rc1 Rh8
28. Kh2 Bh4 29. Rg1 Kf6 30. b4 Be6 31. Bc3 Bg5 32. Rf1+ Bf4 33. Rxf4+ Kg5 34.
Rf2 f6 35. Bd2+ Kg4 36. Rxf6 Bc4 37. Rxg6+ Kf3 1-0

[Event "Gibtelecom Masters"]
[Site "Gibraltar"]
[Date "2008.01.23"]
[Round "2.59"]
[White "Dimitrov, Radoslav"]
[Black "Erdelyi, Tamas"]
[Result "1-0"]
[WhiteElo "2341"]
[BlackElo "2186"]
[PlyCount "41"]
[EventDate "2008.01.22"]

1. c4 c5 2. Nc3 b6 3. Nf3 Bb7 4. e3 Nf6 5. d4 cxd4 6. exd4 e6 7. Bd3 d6 8. O-O
Be7 9. d5 e5 10. Nd2 Nbd7 11. Nde4 O-O 12. Ng3 Nc5 13. Bc2 a5 14. f4 Ncd7 15.
Nf5 Re8 16. Nb5 Qb8 17. fxe5 Nxe5 18. Nxe7+ Rxe7 19. Bg5 Ned7 20. Bxf6 Nxf6 21.
Rxf6 1-0

[Event "Gibtelecom Masters"]
[Site "Gibraltar"]
[Date "2008.01.23"]
[Round "2.60"]
[White "Makka, Ioulia"]
[Black "Zozulia, Anna"]
[Result "0-1"]
[WhiteElo "2186"]
[BlackElo "2344"]
[PlyCount "122"]
[EventDate "2008.01.22"]

1. e4 g6 2. d4 Bg7 3. Nc3 d6 4. Be3 a6 5. f4 b5 6. Be2 b4 7. Nb1 Bb7 8. Bf3 e5
9. Ne2 exf4 10. Nxf4 Qh4+ 11. g3 Qe7 12. Nd2 Nf6 13. O-O Nxe4 14. Nxe4 Bxe4 15.
Re1 O-O 16. Bf2 f5 17. Nd5 Qf7 18. Nxb4 Nd7 19. c3 Nf6 20. Nd3 Rab8 21. b3 a5
22. Bg2 Bxg2 23. Kxg2 Ne4 24. Qc2 Qd5 25. Kf1 Ng5 26. Bg1 Qf3+ 27. Nf2 f4 28.
g4 Qc6 29. Ne4 Nf3 30. Qg2 Qa6+ 31. Qe2 Qxe2+ 32. Rxe2 Rbe8 33. Nd2 Nxg1 34.
Rxe8 Rxe8 35. Kxg1 Re3 36. Rf1 Rxc3 37. Rxf4 Rc2 38. Nf3 Rxa2 39. Re4 h6 40. d5
Rb2 41. Re8+ Kf7 42. Re3 Rc2 43. g5 hxg5 44. Nxg5+ Kf6 45. Ne6 Bh6 46. Rh3 Bc1
47. Rh7 c6 48. Nc7 cxd5 49. Nxd5+ Ke5 50. Ne7 Be3+ 51. Kf1 g5 52. Ng8 Bf4 53.
Nh6 Ke4 54. Re7+ Kf3 55. Nf5 Rc1+ 56. Re1 Rxe1+ 57. Kxe1 Bxh2 58. Nd4+ Ke3 59.
Nc6 Be5 60. Kf1 Bc3 61. Ne7 Kd3 0-1

[Event "Gibtelecom Masters"]
[Site "Gibraltar"]
[Date "2008.01.23"]
[Round "2.61"]
[White "Osuna Vega, Enrique"]
[Black "Vul, Arkadi Eremeevich"]
[Result "1/2-1/2"]
[WhiteElo "2146"]
[BlackElo "2337"]
[PlyCount "59"]
[EventDate "2008.01.22"]

1. e4 e5 2. Nf3 Nc6 3. Bb5 g6 4. c3 Nge7 5. d4 exd4 6. Bg5 Bg7 7. O-O h6 8. Bh4
O-O 9. cxd4 g5 10. Bg3 d5 11. exd5 Nxd5 12. Ne5 Nce7 13. Re1 Nf5 14. Nc3 c6 15.
Bc4 Be6 16. Qd2 Re8 17. Rad1 Nxg3 18. hxg3 Nxc3 19. Qxc3 Bxc4 20. Qxc4 Qd5 21.
Qxd5 cxd5 22. Rc1 Rac8 23. f4 f6 24. Rxc8 Rxc8 25. Ng6 Rc2 26. f5 Rxb2 27. Re8+
Kf7 28. Re7+ Kg8 29. Re8+ Kf7 30. Re7+ 1/2-1/2